1035 1626 1862 1433 1735 1352 1250 1896 1525 1179 1811 1757 1052 1912 1975 1176 1996 1170 1002 1397 1539 1869 1621 1782 1940 1301 1872 1580 1680 1721 1699 1664 1699 1552 1438 1438 1699 1767 1072 1466 1509 1761 1827 1305 1832 1160 1922 1224 1659 1321 1725 1073 1067 1744 1388 1150 1978 1278 1252 1310 1609 1614 1295 1151 1614 1051 1233 1763 1965 1440 1716 1250 1502 1497 1111 1838 1278 1250 1290 1529 1874 1243 1705 1407 1513 1022 1438 1922 1801 1695 1226 1632 1985 1078 1284 1179 1187 1264 1430 BCNSPRNW ULIB Ver.6.0+V

เปลี่ยนเป็นภาษาไทย

Change to English
 แสดงรายละเอียดบรรณานุกรม
  กลับหน้าหลัก

Brief Record : Get Marc (ISO 2709) : E-mail record : QR code < ปิดหน้าต่าง
LEADER : 00000nas 2200000uu 4500
001    13399125267
003     ULIB
008    161221s2559||||th 000 0 tha d
022 0  ^a2351020x
100 0  ^aอาจารย์อัจฉราวดี วงศ์สกุล
110 1  ^aมูลนิธิโนอิ้ง บุดด้า
245 00 ^aข้ามห้วงมหรรณพ
260    ^aกรุงเทพฯ:^bมูลนิธิโนอิ้ง บุดด้า
310    ^aรายสองเดือน
850 ^a ULIB^bปีที่ - ฉบับที่ 1 ฉ.1
945    ^p170^l0^i904251
999    ^aวรรณษา ชูชัยมงคล
รายการนี้ยังไม่มีแท็ก
คุณยังไม่ได้ล็อกอิน คุณสามารถมีกิจกรรมร่วมกับเว็บไซต์ได้ แต่ต้องล็อกอินก่อน ::
  ล็อกอิน

รายการสื่อสารสนเทศ (วารสาร)

ดูแบบ: กล่อง รายการ
ARRIVED
ปีที่ - ฉบับที่ 1 ฉ.1
สถานที่: ห้องสมุดวิทยาเขตสวรรค์ประชารักษ์ >หนังสือพิมพ์

BibComment


ยังไม่เคยถูกคอมเมนท์

คอมเมนท์ทรัพยากรรายการนี้
  คอมเมนท์: ข้ามห้วงมหรรณพ


 Copyright 2026. Bcnsprnw @Library